عرض عادي عرض مارك
  • Asfahl, C. Ray,

مدخل إسم شخص

عدد التسجيلات المستخدمة في: 1

001 - رقم الضبط

  • حقل الضبط: 18338

003 - معرف رقم الضبط

  • حقل الضبط: OSt

005 - تاريخ ووقت أخر عملية

  • حقل الضبط: 20121224163120.0

008 - عناصر بيانات ثابتة الطول

  • حقل تحكم ثابت الطول: 121224|||a|||||| | ||| d

040 ## - مصدر الفهرسة

  • هيئة الفهرسة الأصلية: OSt
  • وكالة الكتابة: OSt

100 ## - مدخل -- أسم شخص

  • إسم شخص: Asfahl, C. Ray,
  • تواريخ مرتبطة بالاسم: 1938-

670 ## - بيانات المصدر موجوده

  • الاستشهاد بالمصدر: Work cat.: (OSt)0: Asfahl, C. Ray, 1938-, Industrial safety and health management /, c2010.